00637 2200205 4500001002100000005001500021035002000036007000300056008004100059020002200100082001200122084001800134100007100152245010300223260003400326300004200360650000900402600001000411600001000421INLIS00000000000150720250924102814 a0010-0925000021ta250924 g 0 ind  a978-602-344-010-8 a633.842 a633.842 KEM k0 aKementerian Pertanian, Badan Penelitian dan Pengembangan Pertanian1 aKeluarga Cibi Si Cabai Pedas /cKementerian Pertanian, Badan Penelitian dan Pengembangan Pertanian aJakarta :bIAARD Press,c2014 aiv, 44 hlm. :bilus, ;c15 cm x 21 cm 4aBuku 4aCabai 4aKomik